| 000 | 00382nam a22001337a 4500 | ||
|---|---|---|---|
| 082 |
_a340 _bSOH |
||
| 100 | _aSohail, Aftab | ||
| 245 |
_aEnglish-1: _bLL.B. 5 Years Program As per H.E.C. New Syllabus / _cAftab Sohail |
||
| 260 |
_aLahore : _bMansoor Law Book House, _cN.A. |
||
| 300 | _a428 p. | ||
| 563 | _aHB. | ||
| 650 |
_aLaw, English for LLB _9128043 |
||
| 942 |
_2ddc _cBK |
||
| 999 |
_c613065 _d613065 |
||